Reinforced concrete structures (Record no. 11959)

000 -LEADER
fixed length control field 00572nam a2200217 a 4500
001 - CONTROL NUMBER
control field 11959
003 - CONTROL NUMBER IDENTIFIER
control field BD-DhUET
008 - FIXED-LENGTH DATA ELEMENTS--GENERAL INFORMATION
fixed length control field 741112s1975 nyua b 001 0 eng
020 ## - INTERNATIONAL STANDARD BOOK NUMBER
International Standard Book Number 0471659177
040 ## - CATALOGING SOURCE
Original cataloging agency DLC
Transcribing agency DLC
Modifying agency BD-DhUET
082 00 - DEWEY DECIMAL CLASSIFICATION NUMBER
Classification number 624.183
Item number PAR/1975
100 1# - MAIN ENTRY--PERSONAL NAME
Personal name Park, R.
245 10 - TITLE STATEMENT
Title Reinforced concrete structures
250 ## - EDITION STATEMENT
Edition statement 1st ed.
260 ## - PUBLICATION, DISTRIBUTION, ETC. (IMPRINT)
Place of publication, distribution, etc. New York
Name of publisher, distributor, etc. John Wiley & sons
Date of publication, distribution, etc. 1975
300 ## - PHYSICAL DESCRIPTION
Extent xvii, 769 p.
Other physical details ill.
Dimensions 24 cm.
504 ## - BIBLIOGRAPHY, ETC. NOTE
Bibliography, etc Includes bibliographies
650 #0 - SUBJECT ADDED ENTRY--TOPICAL TERM
Topical term or geographic name as entry element Reinforced concrete construction
700 ## - ADDED ENTRY--PERSONAL NAME
Personal name Paulay, T.
942 ## - ADDED ENTRY ELEMENTS (KOHA)
Koha item type General Book
Holdings
Location (home branch) Koha normalized classification for sorting Not for loan Koha date last seen Damaged status Sublocation or collection (holding branch) Shelving location Koha full call number Copy number Date acquired Koha item type Withdrawn status Lost status Piece designation (barcode) Source of classification or shelving scheme Price effective from
Central Library, BUET624_183000000000000_PAR_1975 2015-02-22 Central Library, BUETCirculation section624.183/PAR/197512015-02-22General Book  45222 2015-02-22
Central Library, BUET624_183000000000000_PAR_1975 2015-05-05 Central Library, BUETCirculation section624.183/PAR/197522015-05-05General Book  53443 2015-05-05
Central Library, BUET624_183000000000000_PAR_1975 2015-05-06 Central Library, BUETCirculation section624.183/PAR/197532015-05-06General Book  53440 2015-05-06
Central Library, BUET624_183000000000000_PAR_1975 2015-05-07 Central Library, BUETCirculation section624.183/PAR/197542015-05-07General Book  45221 2015-05-07
Central Library, BUET624_183000000000000_PAR_1975 2015-05-07 Central Library, BUETCirculation section624.183/PAR/197552015-05-07General Book  51135 2015-05-07
Central Library, BUET624_183000000000000_PAR_1975 2015-06-25 Central Library, BUETReading section624.183/PAR/197562015-06-25General Book  44970 2015-06-25
Central Library, BUET624_183000000000000_PAR_1975 2024-06-30 Central Library, BUETCataloging section624.183 PAR/197571982-06-16General Book  53439 2024-06-30